000 00590nam a2200193 i 4500
001 30523
003 ES-MaACL
007 t|
008 030124s1954 sp ||||1| spa d
100 1 _aBeltrán, José María.
_927343
245 1 0 _aGanado caballar /
_cJosé María Beltrán.
250 _a[1ª ed.].
260 _aBarcelona, etc. :
_bSalvat,
_c1954 (
_fImp. Hispano-Americana)
300 _aXVI, 390 p. :
_bil. ;
_c22 cm.
490 1 _aColección agrícola Salvat
830 0 _aColección agrícola Salvat
_9181203
852 _aES-MaACL
_jC-8366
_bR.36572
999 _c30523
_d30523